<?xml version="1.0" encoding="UTF-8"?>
<record
    xmlns:xsi="http://www.w3.org/2001/XMLSchema-instance"
    xsi:schemaLocation="http://www.loc.gov/MARC21/slim http://www.loc.gov/standards/marcxml/schema/MARC21slim.xsd"
    xmlns="http://www.loc.gov/MARC21/slim">

  <leader>00945nam a2200265 a 4500</leader>
  <controlfield tag="001">BRL_201</controlfield>
  <controlfield tag="005">20190320210630.0</controlfield>
  <controlfield tag="008">131212s1982----enk#######---#000-0#eng-#</controlfield>
  <datafield tag="020" ind1=" " ind2=" ">
    <subfield code="a">0950826502</subfield>
  </datafield>
  <datafield tag="041" ind1=" " ind2=" ">
    <subfield code="a">eng</subfield>
  </datafield>
  <datafield tag="044" ind1=" " ind2=" ">
    <subfield code="a">enk</subfield>
  </datafield>
  <datafield tag="050" ind1=" " ind2="4">
    <subfield code="a">E51.5</subfield>
    <subfield code="b">.A27 1982</subfield>
  </datafield>
  <datafield tag="111" ind1="2" ind2=" ">
    <subfield code="a">International Congress of Americanists</subfield>
    <subfield code="n">(44&#xB0;</subfield>
    <subfield code="d">1982</subfield>
    <subfield code="c">Manchester)</subfield>
    <subfield code="9">23206</subfield>
  </datafield>
  <datafield tag="245" ind1="1" ind2="0">
    <subfield code="a">Abstracts</subfield>
    <subfield code="b">44th congress of Americanist = Resumenes : 44&#xBA; Congreso Internacional de Americanistas.</subfield>
  </datafield>
  <datafield tag="260" ind1=" " ind2=" ">
    <subfield code="a">Inglaterra</subfield>
    <subfield code="b">Manchester University</subfield>
    <subfield code="c">1982</subfield>
  </datafield>
  <datafield tag="300" ind1=" " ind2=" ">
    <subfield code="a">552 p.</subfield>
    <subfield code="c">24 cm.</subfield>
  </datafield>
  <datafield tag="500" ind1=" " ind2=" ">
    <subfield code="a">Incluye &#xED;ndice de autores</subfield>
  </datafield>
  <datafield tag="500" ind1=" " ind2=" ">
    <subfield code="a">Au220</subfield>
  </datafield>
  <datafield tag="611" ind1="2" ind2="4">
    <subfield code="a">44&#xBA; Congreso Internacional de Americanistas</subfield>
    <subfield code="c">Manchester (Inglaterra)</subfield>
    <subfield code="v">Res&#xFA;menes</subfield>
    <subfield code="9">23207</subfield>
  </datafield>
  <datafield tag="650" ind1="1" ind2="4">
    <subfield code="a">Etnolog&#xED;a</subfield>
    <subfield code="v">Congresos</subfield>
    <subfield code="z">Am&#xE9;rica</subfield>
    <subfield code="9">23208</subfield>
  </datafield>
  <datafield tag="651" ind1=" " ind2="4">
    <subfield code="a">Am&#xE9;rica</subfield>
    <subfield code="v">Congresos</subfield>
    <subfield code="x">Civilizaci&#xF3;n</subfield>
    <subfield code="9">23209</subfield>
  </datafield>
  <datafield tag="740" ind1="0" ind2=" ">
    <subfield code="a">Resumenes : 44&#xBA; Congreso Internacional de Americanistas</subfield>
  </datafield>
  <datafield tag="902" ind1=" " ind2=" ">
    <subfield code="a">GRL</subfield>
  </datafield>
  <datafield tag="942" ind1=" " ind2=" ">
    <subfield code="2">lcc</subfield>
    <subfield code="c">B</subfield>
  </datafield>
  <datafield tag="999" ind1=" " ind2=" ">
    <subfield code="c">9014</subfield>
    <subfield code="d">9014</subfield>
  </datafield>
  <datafield tag="952" ind1=" " ind2=" ">
    <subfield code="0">0</subfield>
    <subfield code="1">0</subfield>
    <subfield code="4">0</subfield>
    <subfield code="7">0</subfield>
    <subfield code="a">BRL</subfield>
    <subfield code="b">BRL</subfield>
    <subfield code="d">2012-12-13</subfield>
    <subfield code="i">Au220</subfield>
    <subfield code="l">0</subfield>
    <subfield code="o">E51.5 .A27 1982 (Au220)</subfield>
    <subfield code="p">GRL00215</subfield>
    <subfield code="r">2019-03-22 00:00:00</subfield>
    <subfield code="w">2019-03-22</subfield>
    <subfield code="y">B</subfield>
  </datafield>
</record>
